| 000 | 00537nam a2200217Ia 4500 | ||
|---|---|---|---|
| 003 | 0100 | ||
| 008 | 130303s9999 xx 000 0 und d | ||
| 020 | _a0521350808 | ||
| 040 | _cARRUPELIB | ||
| 050 | _aBJ1012.B676 1989 | ||
| 100 | _aBrink , David Owen | ||
| 245 | _aMoral realism and the foundations of ethics | ||
| 260 | _aCambridge | ||
| 260 | _bCambridge University Press | ||
| 260 | _C1989 | ||
| 300 | _axii | ||
| 300 | _b 340p. 22cm. | ||
| 440 | _aCambridge studies in philosophy | ||
| 650 | _aETHICS | ||
| 942 | 0 | 0 | _05 |
| 999 |
_c13226 _d13226 |
||